| 000 | 00707nam a2200217 a 4500 | ||
|---|---|---|---|
| 001 | 000003587 | ||
| 005 | 20200929150507.0 | ||
| 008 | 730109s1970 ag 001 1 spa | ||
| 040 |
_aDO-SdBNP _bspa _cBNPHU |
||
| 082 |
_a813.54 _bA265m |
||
| 100 | 1 |
_aAgee, James, _d1909-1955 _911051 |
|
| 245 | 1 | 0 |
_aUna muerte en la familia / _cJames Agee ; traducción Lucrecia C. de Mathé. |
| 260 |
_aBuenos Aires : _bSudamericana, _c1970. |
||
| 300 |
_a341 p. ; _c18 cm. |
||
| 490 | 1 | _aHorizonte | |
| 534 |
_aTítulo original: _tA death in the family |
||
| 650 | 4 |
_aNovela estadounidense _9262 |
|
| 650 | 4 |
_aLiteratura estadounidense _9263 |
|
| 700 | 1 |
_aC. Mathé, Lucrecia de, _etr. _911052 |
|
| 830 | 0 |
_aHorizonte _911053 |
|
| 999 |
_c3411 _d3411 |
||